00582 2200205 4500001002100000005001700021008004100038020001800079035002400097082001000121090002100131245007700152250001100229260003800240300002400278650001400302700002200316850001600338999002200354YOGYA-0209000004651520161004102802.0 ind  a979-222-138-7 0010-020900000046515 a320.5 a320.5pbLahlDEP aLahirnya Pancasilabkumpulan pidato BPUPKIcpenyunting, Floriberta Aning aCet. 1 aYogyakartabMedia Pressindoc2006 avii, 155 hlmc19 cm aPancasila aAning, Floriberta aYOPDYOG (M) aCB-D.11 2006-797h